|
|
|
|
| LEADER |
00000cam a2200000 7i4500 |
| 001 |
0000002757 |
| 005 |
20040107.0 |
| 020 |
0 |
0 |
|a 9022008916
|
| 090 |
0 |
0 |
|a 631.4
|b SOIL 1985
|
| 245 |
0 |
0 |
|a SOIL spatial variability :
|b proceedings of a workshop of the ISSS and the SSSA, Las Vegas, USA, 30 November - 1 December 1984
|c D. R. Nielsen and J. Bouma (eds.)
|
| 260 |
0 |
0 |
|a Wageningen, The Netherlands :
|b Pudoc ,
|c 1985
|
| 300 |
|
|
|a 242 p. :
|b ill. ;
|c 22 cm.
|
| 500 |
0 |
0 |
|a Includes bibliographical references
|
| 650 |
0 |
0 |
|a Soil science
|x Congresses
|
| 700 |
0 |
1 |
|a Bouma
|h J.
|
| 700 |
0 |
1 |
|a Nielsen
|h D. R.
|
| 998 |
|
|
|a JPSM
|
| 999 |
|
|
|a 0000004419
|b Monograph
|c Open Shelf
|e Default branch
|